[Event "CAN-op"]
[Site "Edmonton CAN"]
[Date "2009.07.12"]
[Round "2.71"]
[White "Chaisson, Terry"]
[Black "Du, Howard"]
[Result "1/2-1/2"]
[WhiteElo "1823"]
[BlackElo "1655"]
[PlyCount "117"]
[GameId "2160767910155804"]
[EventDate "2009.07.11"]
[EventType "swiss"]
[EventRounds "9"]
[EventCountry "CAN"]
[SourceTitle "EXT 2022"]
[Source "ChessBase"]
[SourceDate "2021.10.06"]
[SourceVersion "1"]
[SourceVersionDate "2021.10.06"]
[SourceQuality "1"]

1. e4 b6 2. d4 Bb7 3. Nc3 d6 4. Nf3 Nd7 5. Bd3 e5 6. Be3 Be7 7. Qd2 Ngf6 8. h3 O-O 9. g4 Ne8 10. O-O-O c5 11. dxe5 Nxe5 12. Nxe5 dxe5 13. Nd5 Bxd5 14. exd5 Nd6 15. b3 a5 16. a4 Qd7 17. c4 e4 18. Bc2 f5 19. g5 Rf7 20. Rdg1 g6 21. h4 Raf8 22. Bf4 Ne8 23. h5 Bd6 24. hxg6 hxg6 25. Rh6 Rg7 26. Rgh1 Kf7 27. Re1 Qc7 28. Bxd6 Qxd6 29. f3 Qe5 30. Kb1 Nd6 31. fxe4 f4 32. Qg2 Ke7 33. Bd1 Nf7 34. Rh3 Rh8 35. Rxh8 Nxh8 36. Qb2 Kd6 37. Qxe5+ Kxe5 38. Bf3 Nf7 39. Rg1 Rh7 40. Kc2 Rh3 41. Bg4 Rh4 42. Be6 Nd6 43. Kd3 Nxe4 44. Re1 f3 45. Ke3 f2 46. Rf1 Rf4 47. Bh3 Nxg5 48. Bg2 Nf7 49. Rxf2 Rxf2 50. Kxf2 Kf4 51. Bf3 g5 52. Kg2 Nd6 53. Kf2 g4 54. Bg2 g3+ 55. Ke2 Nf5 56. Kd3 Nd6 57. Ke2 Nf7 58. Bh3 Nd6 59. Bg2 1/2-1/2

[Event "CAN-op"]
[Site "Edmonton CAN"]
[Date "2009.07.12"]
[Round "2.74"]
[White "McCleary, Reuben"]
[Black "Davidson, Brian"]
[Result "0-1"]
[WhiteElo "1506"]
[BlackElo "1814"]
[PlyCount "60"]
[GameId "2160767910155805"]
[EventDate "2009.07.11"]
[EventType "swiss"]
[EventRounds "9"]
[EventCountry "CAN"]
[SourceTitle "EXT 2022"]
[Source "ChessBase"]
[SourceDate "2021.10.06"]
[SourceVersion "1"]
[SourceVersionDate "2021.10.06"]
[SourceQuality "1"]

1. e4 c5 2. c3 d6 3. d4 cxd4 4. cxd4 Nf6 5. Nc3 a6 6. Nf3 Bg4 7. Be2 e6 8. Bg5 Be7 9. O-O O-O 10. Rc1 h6 11. Be3 Nc6 12. e5 dxe5 13. Nxe5 Bxe2 14. Nxe2 Nxe5 15. dxe5 Nd5 16. Bc5 Rc8 17. Bxe7 Qxe7 18. Qb3 b5 19. Nc3 Nf4 20. Qd1 b4 21. Ne2 Rxc1 22. Nxc1 Qg5 23. g3 Rc8 24. Kh1 Nd5 25. f4 Qg6 26. Qe2 Qf5 27. Qxa6 Qe4+ 28. Kg1 Qe3+ 29. Kh1 Rxc1 30. f5 Rxf1+ 0-1

[Event "CAN-op"]
[Site "Edmonton CAN"]
[Date "2009.07.12"]
[Round "2.78"]
[White "Situ, Dennis"]
[Black "Miettinen, Eric"]
[Result "0-1"]
[WhiteElo "1388"]
[BlackElo "1800"]
[PlyCount "34"]
[GameId "2160767910155806"]
[EventDate "2009.07.11"]
[EventType "swiss"]
[EventRounds "9"]
[EventCountry "CAN"]
[SourceTitle "EXT 2022"]
[Source "ChessBase"]
[SourceDate "2021.10.06"]
[SourceVersion "1"]
[SourceVersionDate "2021.10.06"]
[SourceQuality "1"]

1. e4 e6 2. d4 d5 3. e5 c5 4. c3 Nc6 5. Nf3 Bd7 6. Be3 cxd4 7. cxd4 Qb6 8. Qc2 Rc8 9. Nc3 Nge7 10. Bd3 Nb4 11. Qd2 Nxd3+ 12. Qxd3 Qxb2 13. Rc1 Nf5 14. O-O Nxe3 15. Ng5 Bb4 16. Nxf7 O-O 17. Nh6+ gxh6 0-1

[Event "CAN-op"]
[Site "Edmonton CAN"]
[Date "2009.07.12"]
[Round "2.82"]
[White "Miller, David"]
[Black "Wong, Ford"]
[Result "0-1"]
[WhiteElo "1450"]
[BlackElo "1774"]
[PlyCount "36"]
[GameId "2160767910155807"]
[EventDate "2009.07.11"]
[EventType "swiss"]
[EventRounds "9"]
[EventCountry "CAN"]
[SourceTitle "EXT 2022"]
[Source "ChessBase"]
[SourceDate "2021.10.06"]
[SourceVersion "1"]
[SourceVersionDate "2021.10.06"]
[SourceQuality "1"]

1. e4 g6 2. d4 Bg7 3. c4 d6 4. Nc3 Nf6 5. Be3 O-O 6. f3 Nc6 7. Bd3 e5 8. d5 Nd4 9. Nge2 Nh5 10. g4 Nxf3+ 11. Kf2 Bxg4 12. h3 Qh4+ 13. Kg2 Nf4+ 14. Bxf4 exf4 15. hxg4 Qxg4+ 16. Kf1 Nh4 17. Ke1 f3 18. Nc1 Ng2+ 0-1

[Event "CAN-op"]
[Site "Edmonton CAN"]
[Date "2009.07.12"]
[Round "2.83"]
[White "MacFie, Bob"]
[Black "Virji, Naveed"]
[Result "1-0"]
[WhiteElo "1768"]
[BlackElo "1398"]
[PlyCount "107"]
[GameId "2160767910155808"]
[EventDate "2009.07.11"]
[EventType "swiss"]
[EventRounds "9"]
[EventCountry "CAN"]
[SourceTitle "EXT 2022"]
[Source "ChessBase"]
[SourceDate "2021.10.06"]
[SourceVersion "1"]
[SourceVersionDate "2021.10.06"]
[SourceQuality "1"]

1. Nc3 e5 2. a3 Nf6 3. e3 Nc6 4. d4 exd4 5. exd4 d5 6. Bf4 Bd6 7. Qd2 Bxf4 8. Qxf4 Qe7+ 9. Be2 Ne4 10. Nxd5 Qd7 11. Qxe4+ Kd8 12. O-O-O Re8 13. Qh4+ f6 14. Ne3 g5 15. Qg3 Nxd4 16. Bg4 Qa4 17. c3 Rxe3 18. Rxd4+ Qxd4 19. cxd4 Rxg3 20. hxg3 Bxg4 21. Rxh7 Rc8 22. Rf7 c5 23. d5 Ke8 24. Rxf6 Rd8 25. d6 b5 26. Nh3 Bxh3 27. gxh3 a5 28. Rg6 a4 29. Rxg5 Rc8 30. Rg8+ Kd7 31. Rxc8 Kxc8 32. h4 Kd7 33. h5 Kxd6 34. g4 Ke7 35. g5 Kf7 36. f4 Kg7 37. f5 Kh7 38. Kc2 b4 39. Kd3 bxa3 40. bxa3 c4+ 41. Kxc4 Kg7 42. Kb5 Kh7 43. h6 Kg8 44. g6 Kf8 45. f6 Kg8 46. Kb4 Kh8 47. Kxa4 Kg8 48. Kb5 Kh8 49. Kc6 Kg8 50. a4 Kh8 51. a5 Kg8 52. a6 Kh8 53. a7 Kg8 54. a8=R# 1-0

[Event "CAN-op"]
[Site "Edmonton CAN"]
[Date "2009.07.12"]
[Round "2.84"]
[White "Mendryk, Wayne"]
[Black "Seehagen, Terry"]
[Result "1/2-1/2"]
[WhiteElo "1440"]
[BlackElo "1756"]
[PlyCount "67"]
[GameId "2160767910155809"]
[EventDate "2009.07.11"]
[EventType "swiss"]
[EventRounds "9"]
[EventCountry "CAN"]
[SourceTitle "EXT 2022"]
[Source "ChessBase"]
[SourceDate "2021.10.06"]
[SourceVersion "1"]
[SourceVersionDate "2021.10.06"]
[SourceQuality "1"]

1. e4 d5 2. exd5 Nf6 3. d4 Bg4 4. Nf3 Qxd5 5. Be2 Nc6 6. c4 Qh5 7. Nc3 e6 8. a3 a5 9. h3 Be7 10. Nb5 O-O 11. Bf4 Bd6 12. Bxd6 cxd6 13. Nh2 Bxe2 14. Qxe2 Qxe2+ 15. Kxe2 Ne4 16. Rhe1 Rad8 17. Rad1 e5 18. Kf1 f5 19. h4 h6 20. d5 Ne7 21. g3 Rc8 22. f3 Rxc4 23. fxe4 fxe4+ 24. Kg2 Rc2+ 25. Kh1 Nf5 26. Nf1 e3 27. Nc3 Rxb2 28. Re2 Rb3 29. Nb1 Nd4 30. Rxe3 Rb2 31. Nbd2 Rf2 32. Nc4 Rbc2 33. Ncd2 Nf5 34. Rf3 1/2-1/2

[Event "CAN-op"]
[Site "Edmonton CAN"]
[Date "2009.07.12"]
[Round "2.86"]
[White "Orr, Douglas"]
[Black "Sillador, Rory"]
[Result "0-1"]
[WhiteElo "1424"]
[BlackElo "1890"]
[PlyCount "58"]
[GameId "2160767910155810"]
[EventDate "2009.07.11"]
[EventType "swiss"]
[EventRounds "9"]
[EventCountry "CAN"]
[SourceTitle "EXT 2022"]
[Source "ChessBase"]
[SourceDate "2021.10.06"]
[SourceVersion "1"]
[SourceVersionDate "2021.10.06"]
[SourceQuality "1"]

1. e4 e6 2. d4 d5 3. Nc3 Nf6 4. Bg5 Be7 5. e5 Nfd7 6. Bxe7 Qxe7 7. Nf3 a6 8. Be2 c5 9. dxc5 Qxc5 10. Qd4 Qxd4 11. Nxd4 Nxe5 12. f4 Ng6 13. O-O O-O 14. g3 Ne7 15. Bd3 Bd7 16. Rae1 Nbc6 17. Nb3 Nb4 18. Nc5 Nxd3 19. Nxd7 Nxe1 20. Nxf8 Nxc2 21. Nd7 Rc8 22. Rc1 Nd4 23. Kf2 f6 24. Rd1 Ndf5 25. g4 Nd6 26. Nb6 Rc6 27. Nca4 Nc4 28. Nxc4 Rxc4 29. Nc3 Rxf4+ 0-1

[Event "CAN-op"]
[Site "Edmonton CAN"]
[Date "2009.07.13"]
[Round "3"]
[White "Armstrong, Robert J"]
[Black "Moura, Eduardo"]
[Result "1/2-1/2"]
[WhiteElo "1831"]
[BlackElo "2237"]
[PlyCount "29"]
[GameId "2160767910155811"]
[EventDate "2009.07.11"]
[EventType "swiss"]
[EventRounds "9"]
[EventCountry "CAN"]
[SourceTitle "CBM 132 Extra"]
[Source "ChessBase"]
[SourceDate "2009.11.03"]
[SourceVersion "1"]
[SourceVersionDate "2009.11.03"]
[SourceQuality "1"]

1. d4 d5 2. c4 e6 3. e3 Nf6 4. Nf3 c5 5. Bd3 dxc4 6. Bxc4 a6 7. a4 cxd4 8. exd4 Nc6 9. O-O Be7 10. Nc3 O-O 11. Re1 Nd5 12. Ne4 Bd7 13. Nc5 Bc8 14. Ne4 Bd7 15. Nc5 1/2-1/2

[Event "CAN-op"]
[Site "Edmonton CAN"]
[Date "2009.07.13"]
[Round "3.18"]
[White "Zilberstein, Dmitry"]
[Black "Purewal, Sardul"]
[Result "1-0"]
[WhiteElo "2437"]
[BlackElo "2057"]
[PlyCount "79"]
[GameId "2160767910155830"]
[EventDate "2009.07.11"]
[EventType "swiss"]
[EventRounds "9"]
[EventCountry "CAN"]
[SourceTitle "EXT 2022"]
[Source "ChessBase"]
[SourceDate "2021.10.06"]
[SourceVersion "1"]
[SourceVersionDate "2021.10.06"]
[SourceQuality "1"]

1. d4 Nf6 2. c4 g6 3. Nc3 d5 4. Nf3 Bg7 5. Qb3 c6 6. Bg5 dxc4 7. Qxc4 Nbd7 8. e4 Nb6 9. Qd3 h6 10. Bh4 g5 11. Bg3 Nh5 12. Rd1 Nxg3 13. hxg3 Bg4 14. Be2 Bxf3 15. gxf3 e6 16. f4 Qe7 17. e5 O-O-O 18. Qe3 Qb4 19. Rd2 Qe7 20. Kd1 Kb8 21. Kc1 Nd5 22. Nxd5 cxd5 23. Kb1 Rc8 24. Bg4 gxf4 25. gxf4 Rhd8 26. f5 Bf8 27. Rdd1 Rc6 28. Rc1 Rdc8 29. Rxc6 Rxc6 30. Qd2 Qc7 31. f4 Qb6 32. Rc1 Rxc1+ 33. Kxc1 Qa6 34. fxe6 fxe6 35. a3 Kc7 36. Qc2+ Kd8 37. Kb1 Qf1+ 38. Ka2 Qa6 39. f5 exf5 40. Bxf5 1-0

[Event "CAN-op"]
[Site "Edmonton CAN"]
[Date "2009.07.13"]
[Round "3.21"]
[White "Gardner, Robert"]
[Black "Jablon, Stephen"]
[Result "1-0"]
[WhiteElo "2272"]
[BlackElo "1985"]
[PlyCount "109"]
[GameId "2160767910155833"]
[EventDate "2009.07.11"]
[EventType "swiss"]
[EventRounds "9"]
[EventCountry "CAN"]
[SourceTitle "EXT 2022"]
[Source "ChessBase"]
[SourceDate "2021.10.06"]
[SourceVersion "1"]
[SourceVersionDate "2021.10.06"]
[SourceQuality "1"]

1. d4 d5 2. c4 e6 3. Nc3 Nf6 4. cxd5 exd5 5. Bg5 Nbd7 6. e3 c6 7. Bd3 Qa5 8. Qc2 Bb4 9. Nge2 O-O 10. O-O Re8 11. a3 Bf8 12. b4 Qc7 13. b5 c5 14. dxc5 Qxc5 15. Rfd1 Ne4 16. Bf4 Ndf6 17. Na4 Qxc2 18. Bxc2 Be6 19. Nd4 Rac8 20. Bb3 Red8 21. Nxe6 fxe6 22. f3 Nc3 23. Nxc3 Rxc3 24. Rdb1 Nd7 25. a4 Nc5 26. Bd1 Nd3 27. Bg5 Rdc8 28. e4 dxe4 29. Bd2 exf3 30. Bxc3 f2+ 31. Kf1 Rxc3 32. Rb3 Bb4 33. Rxc3 Bxc3 34. Ra3 Nb2 35. Rxc3 Nxd1 36. Rd3 Nb2 37. Rd8+ Kf7 38. Kxf2 Nxa4 39. Rd7+ Kf6 40. Rxb7 Nc3 41. Ke3 Nd5+ 42. Kd2 e5 43. Rxa7 e4 44. b6 e3+ 45. Kd3 Nf4+ 46. Kxe3 Nxg2+ 47. Kf2 Nf4 48. b7 Nd3+ 49. Ke3 Ne5 50. b8=Q Ng4+ 51. Kf4 g5+ 52. Kxg4 h5+ 53. Kxh5 Kf5 54. Re7 Kf6 55. Qf8# 1-0

[Event "CAN-op"]
[Site "Edmonton CAN"]
[Date "2009.07.13"]
[Round "3.23"]
[White "Amasaib, Magdi"]
[Black "Davies, Noam"]
[Result "0-1"]
[WhiteElo "1893"]
[BlackElo "2214"]
[PlyCount "58"]
[GameId "2160767910155835"]
[EventDate "2009.07.11"]
[EventType "swiss"]
[EventRounds "9"]
[EventCountry "CAN"]
[SourceTitle "EXT 2022"]
[Source "ChessBase"]
[SourceDate "2021.10.06"]
[SourceVersion "1"]
[SourceVersionDate "2021.10.06"]
[SourceQuality "1"]

1. e4 c5 2. Nf3 e6 3. d4 cxd4 4. Nxd4 a6 5. Bd3 Nf6 6. Bg5 Be7 7. Nc3 Qc7 8. O-O b5 9. a3 Bb7 10. Nf3 d5 11. exd5 Nxd5 12. Nxd5 Bxd5 13. Bxe7 Qxe7 14. Nd2 Qb7 15. f3 O-O 16. b3 Rd8 17. Qe2 Nd7 18. Ne4 Rac8 19. Nd6 Qb6+ 20. Kh1 Qxd6 21. Rfd1 Qe5 22. Qf2 Nc5 23. Rac1 Qf4 24. Qe2 Nxb3 25. Rb1 Nd4 26. Qf2 Nxf3 27. gxf3 Bxf3+ 28. Kg1 Qg4+ 29. Qg3 Bxd1 0-1

[Event "CAN-op"]
[Site "Edmonton CAN"]
[Date "2009.07.13"]
[Round "3.24"]
[White "Sundar, Avinaash"]
[Black "Huang, Richard"]
[Result "1/2-1/2"]
[WhiteElo "2210"]
[BlackElo "1952"]
[PlyCount "38"]
[GameId "2160767910155836"]
[EventDate "2009.07.11"]
[EventType "swiss"]
[EventRounds "9"]
[EventCountry "CAN"]

1. Nf3 Nf6 2. g3 d5 3. Bg2 c6 4. O-O g6 5. d4 Bg7 6. Nbd2 O-O 7. Re1 Ne4 8. c3 f5 9. Nf1 Nd7 10. N3d2 e5 11. Nb3 Qb6 12. f3 Nef6 13. Be3 e4 14. Rc1 Qd8 15. Nc5 Nxc5 16. dxc5 Be6 17. Nd2 Bf7 18. Nb3 Nd7 19. Bd4 b6 1/2-1/2

[Event "CAN-op"]
[Site "Edmonton CAN"]
[Date "2009.07.13"]
[Round "3.26"]
[White "Aird, Ian"]
[Black "Kuczaj, Chris"]
[Result "1-0"]
[WhiteElo "2031"]
[BlackElo "1902"]
[PlyCount "65"]
[GameId "2160767910155838"]
[EventDate "2009.07.11"]
[EventType "swiss"]
[EventRounds "9"]
[EventCountry "CAN"]
[SourceTitle "EXT 2022"]
[Source "ChessBase"]
[SourceDate "2021.10.06"]
[SourceVersion "1"]
[SourceVersionDate "2021.10.06"]
[SourceQuality "1"]

1. e4 c5 2. Nf3 e6 3. d3 Nc6 4. g3 d5 5. Nbd2 g6 6. Bg2 Bg7 7. O-O Nge7 8. Re1 O-O 9. e5 Qc7 10. Qe2 b6 11. Nf1 Bb7 12. c3 Rac8 13. Bf4 Qd7 14. h4 a6 15. N3h2 h5 16. Bh3 b5 17. g4 hxg4 18. Nxg4 Nf5 19. Nf6+ Bxf6 20. exf6 Qd8 21. Bg5 d4 22. Nd2 dxc3 23. bxc3 b4 24. Bxf5 exf5 25. Rac1 bxc3 26. Rxc3 Nd4 27. Qe5 Qa5 28. Rcc1 Qxa2 29. Rxc5 Rxc5 30. Qxc5 Nf3+ 31. Nxf3 Bxf3 32. Rc1 Qa4 33. Qxf8+ 1-0

[Event "CAN-op"]
[Site "Edmonton CAN"]
[Date "2009.07.13"]
[Round "3.27"]
[White "Frier, Ken"]
[Black "Tot, Nandor"]
[Result "0-1"]
[WhiteElo "1426"]
[BlackElo "1975"]
[PlyCount "116"]
[GameId "2160767910155839"]
[EventDate "2009.07.11"]
[EventType "swiss"]
[EventRounds "9"]
[EventCountry "CAN"]
[SourceTitle "EXT 2022"]
[Source "ChessBase"]
[SourceDate "2021.10.06"]
[SourceVersion "1"]
[SourceVersionDate "2021.10.06"]
[SourceQuality "1"]

1. e4 c5 2. Nf3 d6 3. d4 cxd4 4. Nxd4 Nf6 5. Nc3 g6 6. Be2 Bg7 7. O-O O-O 8. Be3 Nc6 9. Qd2 Re8 10. f3 Bd7 11. Rab1 a6 12. Rfd1 b5 13. Nxc6 Bxc6 14. a3 Qc7 15. Kh1 Rec8 16. Bd4 Qb7 17. e5 dxe5 18. Bxe5 Ng4 19. Bg3 Bh6 20. Qe1 Ne3 21. Rd3 Nxc2 22. Qd1 Ne3 23. Qe1 Rd8 24. Rxd8+ Rxd8 25. Bf2 Nc2 26. Qf1 e5 27. Bd3 Nd4 28. Be4 f5 29. Bxc6 Qxc6 30. Rd1 Bg7 31. Qe1 Kf7 32. Qd2 Ne6 33. Qe2 Nd4 34. Qe3 Bf6 35. Ne2 Qc4 36. Nc3 a5 37. Qd3 Qxd3 38. Rxd3 b4 39. axb4 axb4 40. Na2 Nc6 41. Rxd8 Bxd8 42. b3 Ke6 43. Bc5 Be7 44. Bxe7 Kxe7 45. Kg1 Kd6 46. Kf2 Kc5 47. Ke3 Nd4 48. Nc1 Kd5 49. Nd3 Nc6 50. Nc1 e4 51. fxe4+ fxe4 52. Na2 Ke5 53. g3 g5 54. h3 h5 55. Ke2 Kd4 56. Kd2 e3+ 57. Ke2 Ke4 58. Ke1 Kf3 0-1

[Event "CAN-op"]
[Site "Edmonton CAN"]
[Date "2009.07.13"]
[Round "3.29"]
[White "Yoos, John"]
[Black "Miller, Brian"]
[Result "1/2-1/2"]
[WhiteElo "2442"]
[BlackElo "1889"]
[PlyCount "79"]
[GameId "2160767910155841"]
[EventDate "2009.07.11"]
[EventType "swiss"]
[EventRounds "9"]
[EventCountry "CAN"]
[SourceTitle "EXT 2022"]
[Source "ChessBase"]
[SourceDate "2021.10.06"]
[SourceVersion "1"]
[SourceVersionDate "2021.10.06"]
[SourceQuality "1"]

1. e4 c5 2. Nf3 g6 3. d4 cxd4 4. Nxd4 Nc6 5. c4 Bg7 6. Be3 Nf6 7. Nc3 O-O 8. Be2 d6 9. O-O a6 10. Qd2 Ng4 11. Bxg4 Bxg4 12. f4 Bd7 13. Nc2 Na5 14. Na3 Rc8 15. b3 b5 16. Nd5 Rb8 17. Rad1 bxc4 18. Bb6 Nxb3 19. Qf2 Rxb6 20. Qxb6 Qxb6+ 21. Nxb6 Bg4 22. axb3 Bxd1 23. Rxd1 cxb3 24. Kf1 Rb8 25. Nac4 b2 26. Rb1 Bd4 27. Nd5 a5 28. Nxe7+ Kg7 29. Nc6 Rc8 30. N6xa5 Bc3 31. Ke2 Rc5 32. Kd3 Bxa5 33. Nxa5 Rxa5 34. Rxb2 Kf6 35. g4 Ke6 36. Rb6 Ra3+ 37. Kd4 Ra4+ 38. Ke3 Ra3+ 39. Ke2 Ra2+ 40. Ke3 1/2-1/2

[Event "CAN-op"]
[Site "Edmonton CAN"]
[Date "2009.07.13"]
[Round "3.30"]
[White "Melekhina, Alisa"]
[Black "McKay, Arnold"]
[Result "1/2-1/2"]
[WhiteElo "2270"]
[BlackElo "1889"]
[PlyCount "134"]
[GameId "2160767910155842"]
[EventDate "2009.07.11"]
[EventType "swiss"]
[EventRounds "9"]
[EventCountry "CAN"]
[SourceTitle "EXT 2022"]
[Source "ChessBase"]
[SourceDate "2021.10.06"]
[SourceVersion "1"]
[SourceVersionDate "2021.10.06"]
[SourceQuality "1"]

1. e4 c5 2. Nc3 Nc6 3. g3 Nf6 4. Bg2 d6 5. d3 e6 6. Nge2 Be7 7. O-O O-O 8. h3 a6 9. g4 Ne8 10. f4 f5 11. exf5 exf5 12. g5 Be6 13. Nd5 Nc7 14. Nec3 Rb8 15. Re1 Bf7 16. b3 Re8 17. Bb2 b5 18. Nxc7 Qxc7 19. Nd5 Qd7 20. Qd2 Bf8 21. Qf2 Ne7 22. Nxe7+ Rxe7 23. Rxe7 Bxe7 24. d4 Re8 25. Bf3 Bf8 26. h4 Qe7 27. h5 Qe3 28. Qxe3 Rxe3 29. Kf2 Re7 30. Rd1 c4 31. d5 Rc7 32. b4 Be7 33. Bd4 Rb7 34. Re1 Bd8 35. c3 Kf8 36. Rg1 g6 37. hxg6 Bxg6 38. Re1 Bb6 39. Bxb6 Rxb6 40. Re6 Kf7 41. Bg2 Kg7 42. Ke3 h5 43. Rf6 a5 44. bxa5 Ra6 45. Bh3 h4 46. Bxf5 Bxf5 47. Rxf5 Rxa5 48. Rf6 Rxa2 49. Rxd6 b4 50. cxb4 c3 51. Kd3 c2 52. Kd2 h3 53. Rh6 h2 54. b5 c1=Q+ 55. Kxc1 Ra1+ 56. Kc2 h1=Q 57. Rxh1 Rxh1 58. Kc3 Rf1 59. Kc4 Rxf4+ 60. Kc5 Kg6 61. b6 Kxg5 62. b7 Rf8 63. Kc6 Kf6 64. d6 Ke6 65. Kc7 Rf7+ 66. Kc6 Rxb7 67. Kxb7 Kxd6 1/2-1/2

[Event "CAN-op"]
[Site "Edmonton CAN"]
[Date "2009.07.13"]
[Round "3.32"]
[White "Kalaydina, Regina Veronicka"]
[Black "Kalisvaart, Peter"]
[Result "0-1"]
[WhiteElo "1812"]
[BlackElo "2255"]
[PlyCount "92"]
[GameId "2160767910155844"]
[EventDate "2009.07.11"]
[EventType "swiss"]
[EventRounds "9"]
[EventCountry "CAN"]
[SourceTitle "EXT 2022"]
[Source "ChessBase"]
[SourceDate "2021.10.06"]
[SourceVersion "1"]
[SourceVersionDate "2021.10.06"]
[SourceQuality "1"]

1. d4 d5 2. c4 Nc6 3. Nf3 Bg4 4. Nc3 e6 5. cxd5 exd5 6. Bf4 Bxf3 7. gxf3 Bd6 8. Bg3 f5 9. Bxd6 Qxd6 10. e3 Nge7 11. f4 O-O 12. Bg2 Nd8 13. Qf3 c6 14. h4 Nf7 15. h5 a5 16. a3 b5 17. O-O Kh8 18. Qh3 Rg8 19. Kh1 g6 20. hxg6 Rxg6 21. Qf3 Rag8 22. Bh3 Nh6 23. Rg1 Ng4 24. Rg2 Qf6 25. Kg1 Qh4 26. Bxg4 fxg4 27. Qg3 Nf5 28. Qxh4 Nxh4 29. Rg3 Nf5 30. Rg2 h5 31. Kf1 h4 32. Ke2 h3 33. Rh2 Kg7 34. Rg1 Kf7 35. Kd3 Nh4 36. Rg3 Nf5 37. Rg1 Nd6 38. Ne2 Nc4 39. Kc3 b4+ 40. axb4 axb4+ 41. Kc2 Ra8 42. Rhh1 Ra2 43. Rb1 Na3+ 44. Kb3 Nxb1 45. Kxa2 Nd2 46. b3 Ne4 0-1

[Event "CAN-op"]
[Site "Edmonton CAN"]
[Date "2009.07.13"]
[Round "3.33"]
[White "Wu, Allan"]
[Black "Moffat, Andrei"]
[Result "1/2-1/2"]
[WhiteElo "1867"]
[BlackElo "2242"]
[PlyCount "109"]
[GameId "2160767910155845"]
[EventDate "2009.07.11"]
[EventType "swiss"]
[EventRounds "9"]
[EventCountry "CAN"]
[SourceTitle "EXT 2022"]
[Source "ChessBase"]
[SourceDate "2021.10.06"]
[SourceVersion "1"]
[SourceVersionDate "2021.10.06"]
[SourceQuality "1"]

1. c4 Nc6 2. Nf3 d6 3. Nc3 g6 4. d4 Bg7 5. e4 Bg4 6. Be3 e5 7. d5 Nce7 8. Be2 Bxf3 9. Bxf3 f5 10. Qb3 b6 11. Qa4+ Kf8 12. g3 Nf6 13. Qc2 h6 14. Bg2 Kg8 15. Bh3 fxe4 16. Nxe4 Kh7 17. Nxf6+ Bxf6 18. O-O Rf8 19. f4 exf4 20. Rxf4 Bg5 21. Re4 Bxe3+ 22. Rxe3 Ng8 23. Rae1 Qf6 24. Re6 Qd4+ 25. Kh1 Rf6 26. R1e4 Qf2 27. Qxf2 Rxf2 28. Re2 Rxe2 29. Rxe2 Kg7 30. Kg2 Rf8 31. Bd7 Nf6 32. Re7+ Rf7 33. Rxf7+ Kxf7 34. Be6+ Ke7 35. Kf3 c6 36. b4 Ne8 37. Bc8 cxd5 38. cxd5 Nc7 39. Ke4 Nb5 40. Kd3 Kf6 41. a4 Nc7 42. Ke4 Ke7 43. b5 Ne8 44. Be6 Nf6+ 45. Kf4 Nh7 46. h4 Kf6 47. Ke4 Ke7 48. Kf4 Kf6 49. Ke4 Kg7 50. g4 Nf6+ 51. Kf4 Ne8 52. Bd7 Nc7 53. Bc6 a6 54. g5 axb5 55. axb5 1/2-1/2

[Event "CAN-op"]
[Site "Edmonton CAN"]
[Date "2009.07.13"]
[Round "3.35"]
[White "Doubleday, William"]
[Black "Caughlin, Wade"]
[Result "1-0"]
[WhiteElo "2198"]
[BlackElo "1855"]
[PlyCount "105"]
[GameId "2160767910155846"]
[EventDate "2009.07.11"]
[EventType "swiss"]
[EventRounds "9"]
[EventCountry "CAN"]
[SourceTitle "EXT 2022"]
[Source "ChessBase"]
[SourceDate "2021.10.06"]
[SourceVersion "1"]
[SourceVersionDate "2021.10.06"]
[SourceQuality "1"]

1. d4 Nf6 2. c4 e6 3. Nc3 c5 4. e3 cxd4 5. exd4 Bb4 6. Nf3 b6 7. Bd3 Bb7 8. O-O h6 9. Re1 O-O 10. Bf4 Re8 11. Rc1 d5 12. Qe2 Nbd7 13. a3 Bxc3 14. bxc3 dxc4 15. Bxc4 Rc8 16. Bd3 Nd5 17. Bd2 N7f6 18. Ne5 Ne7 19. c4 Qxd4 20. Nxf7 Qg4 21. Qxg4 Nxg4 22. Nd6 Red8 23. Nxc8 Bxc8 24. Rc3 Nf5 25. h3 Nf6 26. Bf4 Nd7 27. Bc7 Rf8 28. Rxe6 Nc5 29. Re1 Nxd3 30. Rxd3 Ba6 31. Rc1 Kh7 32. Rd7 Bc8 33. Rd2 Nh4 34. Rd8 Rxd8 35. Bxd8 Nf5 36. c5 Nd4 37. Kh2 Nb3 38. Rc3 Nxc5 39. Be7 Bd7 40. Bxc5 bxc5 41. Rxc5 a6 42. Kg3 Bb5 43. h4 Kg6 44. Kf4 Kf6 45. g4 Ke6 46. g5 hxg5+ 47. Kxg5 Kd6 48. Rxb5 axb5 49. Kg6 Kc5 50. Kxg7 Kc4 51. h5 Kb3 52. h6 Kxa3 53. h7 1-0

[Event "CAN-op"]
[Site "Edmonton CAN"]
[Date "2009.07.13"]
[Round "3.37"]
[White "Kaptsan, Aron"]
[Black "Quiring, John"]
[Result "1/2-1/2"]
[WhiteElo "2027"]
[BlackElo "1846"]
[PlyCount "98"]
[GameId "2160767910155847"]
[EventDate "2009.07.11"]
[EventType "swiss"]
[EventRounds "9"]
[EventCountry "CAN"]
[SourceTitle "EXT 2022"]
[Source "ChessBase"]
[SourceDate "2021.10.06"]
[SourceVersion "1"]
[SourceVersionDate "2021.10.06"]
[SourceQuality "1"]

1. d4 c5 2. d5 Nf6 3. c4 d6 4. Nc3 e6 5. g3 exd5 6. cxd5 g6 7. Bg2 Bg7 8. Nf3 O-O 9. O-O a6 10. a4 Re8 11. Nd2 Nbd7 12. Nc4 Nb6 13. Na3 Bd7 14. a5 Nc8 15. Nc4 Bb5 16. Nd2 b6 17. axb6 Nxb6 18. Re1 Ng4 19. Nf3 Nc4 20. Qb3 Qb6 21. Ng5 Nce5 22. Nge4 f5 23. h3 fxe4 24. hxg4 Nxg4 25. e3 Rab8 26. Nxe4 Ne5 27. Ng5 Bc4 28. Qxb6 Rxb6 29. Ne6 Nd3 30. Rd1 Bxb2 31. Bxb2 Rxb2 32. Bf1 Rb3 33. Nf4 Ne5 34. Bxc4 Nxc4 35. Rxa6 Reb8 36. Ra2 Nb2 37. Rd2 c4 38. Ne2 Nd3 39. Rac2 Rb1+ 40. Kh2 R8b4 41. Nc3 R1b2 42. Rxb2 Nxb2 43. Rc2 Nd3 44. Kg1 Kg7 45. Kf1 Kf6 46. Ke2 h5 47. f4 Kf5 48. Na2 Ra4 49. Nc3 Rb4 1/2-1/2

[Event "CAN-op"]
[Site "Edmonton CAN"]
[Date "2009.07.13"]
[Round "3.39"]
[White "Nguyen, Kim"]
[Black "MacLeod, Damon"]
[Result "0-1"]
[WhiteElo "2140"]
[BlackElo "1835"]
[PlyCount "64"]
[GameId "2160767910155849"]
[EventDate "2009.07.11"]
[EventType "swiss"]
[EventRounds "9"]
[EventCountry "CAN"]
[SourceTitle "EXT 2022"]
[Source "ChessBase"]
[SourceDate "2021.10.06"]
[SourceVersion "1"]
[SourceVersionDate "2021.10.06"]
[SourceQuality "1"]

1. e4 e5 2. Bc4 Nf6 3. d3 d5 4. exd5 Nxd5 5. Nf3 Nc6 6. O-O Bg4 7. h3 Bh5 8. Re1 Qd6 9. Nbd2 O-O-O 10. Ne4 Qg6 11. Ng3 Bxf3 12. Qxf3 Nd4 13. Qd1 f6 14. c3 Nf5 15. Qb3 c6 16. Nxf5 Qxf5 17. Be3 Kb8 18. Bxd5 Rxd5 19. Qa4 Bc5 20. Qe4 Qd7 21. c4 f5 22. Qh4 Be7 23. Bg5 Rd4 24. Qg3 Bxg5 25. Qxg5 h6 26. Qg3 f4 27. Qg6 Re8 28. Re4 Rxd3 29. Rae1 Re6 30. Qh5 Rd2 31. Rxe5 Qd4 32. R1e2 Rxe2 0-1